| 000 | 00563nam a2200169 i 4500 | ||
|---|---|---|---|
| 001 | 135569 | ||
| 003 | ES-MaACL | ||
| 005 | 20230906194916.0 | ||
| 007 | t| | ||
| 008 | 070719s1925 sp ||||1| spa d | ||
| 100 | 1 |
_aTorre y del Cerro, Antonio de la. _9110794 |
|
| 245 | 1 | 3 |
_aLa colección sigilográfica del Archivo Catedral de Valencia / _cAntonio de la Torre y del Cerro. |
| 260 |
_aValencia : _bAntonio López, _c[1925] |
||
| 300 |
_a166 p. : _bil. ; _c21 cm. |
||
| 650 | 4 |
_aSellos- _zCatedral de Valencia. Archivo. _9157807 |
|
| 852 |
_aES-MaACL _j1687-F-17 |
||
| 999 |
_c135569 _d135569 |
||